000 00652nam a2200181 a 4500
001 000041535
005 20201002035628.0
008 131009s1974 sp 001 0 spa d
020 _a8400040384
040 _aDO-SdBNP
_bspa
_cBNPHU
100 1 _aAguilar Piñal, Francisco
_918884
245 1 0 _aImpresos Sevillanos del siglo XVIII :
_badiciones a la tipografía hispalense /
_cFrancisco Aguilar Piñal.
260 _aMadrid :
_bCSIC,
_c1974.
300 _a418 p. ;
_c25 cm.
500 _aIncluye índice
504 _aIncluye referencias bibliográficas y notas al pie de las páginas
710 2 _aConsejo Superior de Investigaciones Científicas
_94786
999 _c41025
_d41025